Mystery of the burning cottage

Bibliographic Details
Format: Book
Published: Kuala Lumpur : Penerbitan Gema Insan , 2007
Series:Intelligent 5 series
Subjects:

MARC

LEADER 00000cam a2200000 7i4500
001 0000001750
005 20151222.0
008 070709
020 |a 9835701814 
090 0 0 |a JF   |b ENG 
245 1 0 |a Mystery of the burning cottage 
260 |a Kuala Lumpur :   |b Penerbitan Gema Insan ,   |c 2007 
440 |a Intelligent 5 series 
500 |a Children ages 10-12 years old (pink) 
650 0 |a Adventure 
650 0 |a Junior fiction   |x English   |x Languages 
999 |a 0000966529   |b Book   |c Children Collection   |e Cawangan Batu Pahat 
999 |a 0000966530   |b Book   |c Children Collection   |e Cawangan Taman Sri Lambak 
999 |a 0000966531   |b Book   |c Children Collection   |e Perbadanan Perpustakaan Awam Johor 
999 |a 0001164310   |b Book   |c Children Collection   |e Cawangan Bukit Gambir 
999 |a 0001164311   |b Book   |c Teenagers   |e Cawangan Bandar Tenggara 
999 |a 0001164313   |b Book   |c Children Collection   |e Cawangan Taman Universiti 
999 |a 0001164314   |b Book   |c Children Collection   |e Cawangan Mersing 
999 |a 0001164316   |b Book   |c Children Collection   |e Cawangan Bandar Penawar 
999 |a 0001164317   |b Book   |c Children Collection   |e Cawangan Tangkak 
999 |a 0001164318   |b Book   |c Children Collection   |e Cawangan Segamat 
999 |a 0001164319   |b Book   |c Children Collection   |e Cawangan Batu Pahat 
999 |a 0001164323   |b Book   |c Children Collection   |e Cawangan Tmn. Ungku Tun Aminah